|
|
|
|
| LEADER |
00989nam a2200253 4500 |
| 001 |
c000354532 |
| 003 |
CARM |
| 005 |
00000000000000.0 |
| 008 |
710914s1971 njua b 00110 eng |
| 019 |
1 |
|
|a 220677
|z 23850815
|z 27501538
|5 LACONCORD2021
|
| 020 |
|
|
|a 0810804158
|
| 035 |
|
|
|a (OCoLC)162601
|5 LACONCORD2021
|
| 050 |
0 |
0 |
|a HV43
|b .G45
|
| 100 |
1 |
|
|a Geismar, Ludwig L.
|
| 245 |
1 |
0 |
|a Family and community functioning;
|b a manual of measurement for social work practice and policy,
|c by Ludwig L. Geismar.
|
| 260 |
|
|
|a Metuchen, N.J.,
|b Scarecrow Press,
|c 1971.
|
| 300 |
|
|
|a vi, 215 p.
|b illus.
|c 22 cm.
|
| 504 |
|
|
|a Includes bibliographical references.
|
| 650 |
|
0 |
|a Family social work
|x Evaluation.
|
| 650 |
|
0 |
|a Social service.
|
| 852 |
8 |
|
|b CARM
|h A1:AL06F0
|i B09894
|p 0445424
|f BK
|
| 082 |
0 |
4 |
|a 362.8/2
|
| 999 |
f |
f |
|i 15656109-24c8-537c-b24d-a8e6388e8a61
|s 1cdd57bd-09bf-5896-a472-f56dcc33ec6e
|
| 952 |
f |
f |
|p Can circulate
|a CAVAL
|b CAVAL
|c CAVAL
|d CARM 1 Store
|e B09894
|f A1:AL06F0
|h Other scheme
|i book
|m 0445424
|